000
00267nam a2200109Ia 4500
005
20251222114417.0
008
251222s1900||||xx |||||||||||||| ||spa||
082
_a
DVD0040/B25/1999/Ej.2
245
0
_a
Y si te vi no me acuerdo
264
_b
Casablanca Films
942
_c
DVD
999
_c
2263
_d
2263